000 00509nam a2200217Ia 4500
003 0100
008 130303s9999 xx 000 0 und d
020 _a0804468478
040 _cARRUPELIB
050 _aB3108.T35
245 4 _aThe will to live
245 _bselected writings of Arthur Schopenhauer
260 _aNew York
260 _bA Frederick Ungar Book
260 _C1962
300 _a365p.
300 _b 17cm
650 _aPHILOSOPHY
700 _aTaylor, Richard (ed.)
942 0 0 _09
999 _c44919
_d44919